000 00607nam a2200205Ii 4500
001 8930
003 CO-ViMGA
008 241108s9999||||xx |||||||||||||| ||und||
040 _aCO-ViMGA
_bspa
_erda
_cCO-ViMGA
041 0 _aspa
082 0 4 _a179.7 V417m
100 1 _aVeeduría del tesoro
_952515
245 1 0 _aEl manejo ético y jurídico de la hacienda pública
264 1 _aBogotá, Colombia : Presencia, 1994
300 _avolumen
336 _atext
_btxt
_2rdacontent
337 _aunmediated
_bn
_2rdamedia
338 _avolume
_bnc
_2rdacarrier
940 _aidficha_siabuc: 8731. -- ficha_no_siabuc:8930
999 _c47306
_d47306